Celebrity Branding diplomová práca

Guardado en:
Detalles Bibliográficos
Autor principal: Burzová, Simona, 1999-
Autor Corporativo: Obchodná fakulta EU. Katedra marketingu
Otros Autores: Klepochová, Dagmar, 1968-
Formato: Libro
Lenguaje:eslovaco
Publicado: Bratislava 2023
Etiquetas: Agregar Etiqueta
Sin Etiquetas, Sea el primero en etiquetar este registro!

MARC

LEADER 00000nbm a2200000 4500
001 0293758
005 20240108100734.3
041 0 |a slo 
044 |a SK 
245 1 0 |a Celebrity Branding  |b diplomová práca  |c Simona Burzová ; školiteľ: Dagmar Klepochová 
264 1 |a Bratislava  |c 2023 
300 |a 75 s. 
100 1 |a Burzová, Simona, 1999- 
700 1 |a Klepochová, Dagmar, 1968- 
710 2 |a Obchodná fakulta EU. Katedra marketingu